Vállalatokban alkalmazott és megvalósuló marketingkommunikációs tevékenységek, és hatásaika vásárlói szokásokra

Bibliográfiai részletek
Szerző: Velencei Csinszka
További közreműködők: Békési Gábor György
Dokumentumtípus: Projektmunka
Kulcsszavak:marketing
marketingeszközök
marketingkommunikáció
marketingstratégiák
vállalati marketing stratégiák
Online Access:http://dolgozattar.uni-bge.hu/59793

MARC

LEADER 00000nnm a2200000 i 4500
001 dolg59793
005 20260409145554.0
008 260409suuuu hu o 000 hun d
040 |a BGE Dolgozattár Repozitórium  |b hun 
041 |a hu 
100 1 |a Velencei Csinszka 
245 1 0 |a Vállalatokban alkalmazott és megvalósuló marketingkommunikációs tevékenységek, és hatásaika vásárlói szokásokra  |c Velencei Csinszka  |h [elektronikus dokumentum] 
516 |a Project_work 
520 3 |a A projektmunkám során szeretném pontosan és átfogóan bemutatnia marketingkommunikáció főbb és fontosabbtulajdonságait. Azon belül bővebben kifejteni a marketingkommunikációs eszközöket, azokcsoportosítását, funkcióit és szerepét egy vállalat életében, itt pár szóban említést teszek majda szakmai gyakorlatom során szerzett tudásról is. Azért választottam ezt a témakört, mert ez mindig is egy nagyon lényeges rész a vállalatok életében.Ezen felül vizsgálni és prezentálni fogom primer kutatás segítségével, hogy akülönböző élelmiszerboltok fogyasztóinak vásárlási szokásai megváltoztak-e amarketingkommunikációs eszközöknek köszönhetően. 
695 |a marketing 
695 |a marketingeszközök 
695 |a marketingkommunikáció 
695 |a marketingstratégiák 
695 |a vállalati marketing stratégiák 
700 1 |a Békési Gábor György  |e ths 
856 4 0 |u http://dolgozattar.uni-bge.hu/59793/1/v%C3%A9gleges%20Projekt%20munka.pdf  |z Dokumentum-elérés 
856 4 0 |u http://dolgozattar.uni-bge.hu/59793/2/Biralat_Velencei%20Csinszka.pdf  |z Dokumentum-elérés